000 01018nam a2200253Ia 4500
003 OSt
005 20220916110902.0
006 a|||||r|||| 00| 0
007 ta
008 220915b |||||||| |||| 00| 0 hin d
024 _a248456
037 _cTextbook
040 _bhin
_aARTS
_cARTS
041 _ahin
082 _a2:97, 152M1
100 _aतेजोमूर्ति, ए.
245 0 _aप्रलेखीय ग्रन्थ वर्णना: प्रलेख एंव भौतिक ग्रन्थ विज्ञान
246 _aĀdhunik granthālaya: vyavasthā eanva sanchālan ke mūl tatva
260 _aभोपाल
_bमध्य प्रदेश हिंदी ग्रन्थ अकादमी भारत
_c1981
300 _a210पृ0
_ccm.
650 _aपुस्तकालय-सूचना प्रौद्योगिकी
942 _h2:97, 152M1
_cTB
_2CC
999 _c100366
_d100366